Hacienda pública / (Registro nro. 7697)

Detalles MARC
000 -LEADER
fixed length control field 01393nam a2200241Ia 4500
003 - CONTROL NUMBER IDENTIFIER
control field OSt
005 - DATE AND TIME OF LATEST TRANSACTION
control field 20210429111718.0
008 - FIXED-LENGTH DATA ELEMENTS--GENERAL INFORMATION
fixed length control field 210310s1967 sp gr 000 0 spa d
040 ## - CATALOGING SOURCE
Original cataloging agency CO-JMCR
Transcribing agency CO-JMCR
041 1# - LANGUAGE CODE
Language code of text/sound track or separate title spa
Language code of original eng
082 04 - DEWEY DECIMAL CLASSIFICATION NUMBER
Classification number 336.001 /
Item number P936h
Edition number 23
100 1# - MAIN ENTRY--PERSONAL NAME
Personal name Prest, Allan. R.,
9 (RLIN) 15187
Relator term autor
245 10 - TITLE STATEMENT
Title Hacienda pública /
Statement of responsibility, etc. A.R. Prest
260 ## - PUBLICATION, DISTRIBUTION, ETC.
Place of publication, distribution, etc. Madrid :
Name of publisher, distributor, etc. Editorial Gredos,
Date of publication, distribution, etc. 1967
300 ## - PHYSICAL DESCRIPTION
Other physical details xix, 415 páginas ;
Dimensions 26 cm.
490 0# - SERIES STATEMENT
Series statement Biblioteca de Ciencias Económicas
500 ## - GENERAL NOTE
General note Título original: Public Finance in theory and practice<br/>Incluye notas a pie de página.
505 0# - FORMATTED CONTENTS NOTE
Formatted contents note La asignación de los recursos productivos existentes -- La oferta de recursos -- Estabilización de la renta nacional -- Equidad -- Eficacia administrativa -- El gobierno central -- Las haciendas locales -- Los fondos nacionales de seguridad social -- El sector público en su conjunto -- La deuda nacional -- Imposición personal sobre la renta -- El gravamen sobre las ganancias del capital -- El gravamen sobre la renta de sociedades (I) -- El gravamen sobre la renta de sociedades (II) -- La doble imposición internacional de la renta -- La estructura de los impuestos indirectos -- Las haciendas locales
546 ## - LANGUAGE NOTE
Language note Traducido del inglés.
650 14 - SUBJECT ADDED ENTRY--TOPICAL TERM
Topical term or geographic name entry element Hacienda pública
9 (RLIN) 15189
Geographic subdivision España
650 24 - SUBJECT ADDED ENTRY--TOPICAL TERM
Topical term or geographic name entry element Contabilidad nacional
Geographic subdivision España
9 (RLIN) 37246
942 ## - ADDED ENTRY ELEMENTS (KOHA)
Source of classification or shelving scheme Dewey Decimal Classification
Koha item type Books
Existencias
Withdrawn status Lost status Source of classification or shelving scheme Damaged status Not for loan Collection code Home library Current library Date acquired Source of acquisition Total Checkouts Full call number Barcode Date last seen Date last checked out Copy number Koha item type
    Dewey Decimal Classification     Non-fiction Biblioteca Pública José María del Castillo y Rada Biblioteca Pública José María del Castillo y Rada 04/15/2018 Donación 2 336.001 / P936h 430003824 01/22/2026 01/22/2026 Ej.1 Books